LEADER 01401nam2-2200397---450- 001 990003599890203316 005 20111201154409.0 010 $a978-1-4073-0678-0 035 $a000359989 035 $aUSA01000359989 035 $a(ALEPH)000359989USA01 035 $a000359989 100 $a20111201d2010----km-y0itay50------ba 101 0 $aeng 102 $aGB 105 $a||||||||001yy 200 1 $aAnthropomorphic and zoomorphic miniature figures in Eurasia, Africa and Meso-America$emorphology, materiality, technology, function and context$fedited by Dragos Gheorghiu, Ann Cyphers 210 $aOxford$cArcheopress$d2010 215 $aVI, 158 p.$cill$d30 cm 225 2 $aBAR International series$v2138 410 0$1001000018484$12001$aBAR International series 606 0 $aAntichitą$xScultura$2BNCF 676 $a732 702 1$aGHEORGHIU,$bDragos 702 1$aCYPHERS,$bAnn 801 0$aIT$bsalbc$gISBD 912 $a990003599890203316 951 $aXI.5. Coll. 12/ 814$b228694 L.M.$cXI.5.$d00269094 959 $aBK 969 $aUMA 979 $aMARTUCCIEL$b90$c20111201$lUSA01$h1534 979 $aMARTUCCIEL$b90$c20111201$lUSA01$h1542 979 $aMARTUCCIEL$b90$c20111201$lUSA01$h1543 979 $aMARTUCCIEL$b90$c20111201$lUSA01$h1544 996 $aAnthropomorphic and zoomorphic miniature figures in Eurasia, Africa and Meso-America$91135519 997 $aUNISA LEADER 00831nam0-22002891i-450 001 990005499510203316 005 20200401154603.0 035 $a000549951 035 $aUSA01000549951 035 $a(ALEPH)000549951USA01 100 $a20011120d2001----km y1itay5003----ba 101 0 $aita 102 $aIT 200 1 $aLaboratorio di Exel 2000$fFrancesco Paolo Borazzo, Roberto Candiotto 210 $aMilano$cApogeo$d2001 215 $aIX, 223 p.$cill.$d24 cm$ecd-rom 606 0 $aProgrammi per elaboratori$2BNCF 676 $a005.3 700 1$aBORAZZO,$bFrancesco Paolo$0413463 701 1$aCANDIOTTO,$bRoberto$0116583 801 0$aIT$bSOL$c20120104 912 $a990005499510203316 951 $a000 005.3 BOR$b9792 DISES 959 $aBK 969 $aDISES 996 $aLaboratorio di Exel 2000$91129397 997 $aUNISA